00359nam a2200145Ia 4500008004100000020001500041041001200056082001100068100001900079245004400098250000800142260003900150300000800189650001600197221030s9999 xx 000 0 und d a0071267824 aEnglish a105.23 aR. S. Pressman 0aSoftware Engineeringcby R. S. Pressman a7th bMcGraw Hill Pub.aNew Delhic2010 a895 aBE Computer